01316nam a2200301 a 4500001001000000003000900010005001700019008004100036020001500077040002500092049000900117082002100126100003200147245005800179260002800237300002800265650004200293650003400335650006300369650005900432651006000491651006300551942001400614952012500628952011900753952012500872999001700997000013822DO-SdBNP20251022121851.0091130s2005 dr b 000 0 spa d a9945852701 aDO-SdBNPbspacBNPHU aBNPD a305.90691bB142e1 aBáez, Luis Octavio93131614aLos estados unidos del Caribe /cLuis Octavio Báez. aBaní :bRaysi,c2005. a287 p. :bmap ;c21 cm. 4aInmigrantesxAspectos sociales931319 4aAsimilación cultural916128 4aEmigración e inmigraciónxAspectos económicos931320 4aEmigración e inmigraciónxAspectos sociales931321 0aCaribe (Región)xRelaciones con Estados Unidos987401 4aEstados UnidosxRelaciones con el Caribe (Región)931318 2ddccLBS1 0010718DSaGRbGRcCTd2010-02-25iLF1l0o305.90691 B142ep13822-30r2020-06-25te. 3w2020-06-25yLFDSZNo se presta 0010718PDaPDbPDcCTd2009-11-30iLF1l0o305.90691 B142ep13822-10r2020-06-25w2020-06-25yLFPDZNo se presta 0010718PDaPDbPDcCTd2009-12-02iLF1l0o305.90691 B142ep13822-20r2020-06-25te. 2w2020-06-25yLFPDZNo se presta c13434d13434